Santiago Sierra (Record no. 79)

MARC details
000 - LÍDER
campo de control de longitud fija 00844nam a2200193Ia 4500
008 - ELEMENTOS DE DATOS DE LONGITUD FIJA - INFORMACIÓN GENERAL
campo de control de longitud fija 0000002004 mX a 0000000000spa00
090 ## - NÚMERO DE LLAMADA DE TIPO LC LOCALMENTE ASIGNADO (OCLC)
Número de clasificación (OCLC) (R) PSP00 V34s
100 1# - ENTRADA PRINCIPAL - NOMBRE PERSONAL
Nombre de la persona Villela, Pilar
245 10 - TÍTULO DECLARACIÓN
Título Santiago Sierra
Resto del título : pinturas = paintings
Declaración de responsabilidad / textos Pilar Villela ; fotografía Jesús Sánchez Uribe ; traducción Gabriela Jauregui
260 ## - PUBLICACIÓN, DISTRIBUCIÓN
Lugar de publicación México : Galería Enrique Guerrero
Fecha de publicación 2004
300 ## - DESCRIPCIÓN FÍSICA
Alcance 45 p.
Dimensiones / 27 cm.
500 ## - NOTA GENERAL
Nota general Exposición realizada en Galería Enrique Guerrero, México, 2004 \ Con el patronazgo del maestro venezolano Jesús Rafael Soto (q.e.p.d.)
600 00 - ENTRADA DE SUJETO AÑADIDO - NOMBRE PERSONAL
Nombre de la persona SIERRA, SANTIAGO, 1966 /
Subdivisión general TRABAJOS PICTORICOS
650 14 - ENTRADA DE SUJETO AÑADIDO - TÉRMINO TÓPICO
Término tópico o elemento de entrada del nombre geográfico PINTURA ESPAÑOLA
650 14 - ENTRADA DE SUJETO AÑADIDO - TÉRMINO TÓPICO
Subdivisión general CATALOGOS
650 14 - ENTRADA DE SUJETO AÑADIDO - TÉRMINO TÓPICO
Término tópico o elemento de entrada del nombre geográfico PINTORES ESPAÑOLES
650 14 - ENTRADA DE SUJETO AÑADIDO - TÉRMINO TÓPICO
Término tópico o elemento de entrada del nombre geográfico PINTURA MODERNA ESPAÑOLA
700 1# - ENTRADA AGREGADA - NOMBRE PERSONAL
Nombre de la persona Sánchez Uribe, José \ Jauregui, Gabriela, tr.
Holdings
Estado de retirada Pérdida de estatus Estado dañado No para préstamo Código de recogida Ubicación permanente Ubicación actual Ubicación de las estanterías Fecha de adquisición Número de llamada completo Código de barras Fecha de la última vez que se vio Número de copia Precio efectivo desde Tipo de artículo Koha
        General ArtNexus ArtNexus General 06/09/2022 P-SP-00 V34S 79 06/09/2022 Ej.1 06/09/2022 Libro

Powered by Koha